University Physics 4th Ed (Record no. 287366)
[ view plain ]
| 000 -LEADER | |
|---|---|
| fixed length control field | 00319 a2200145 4500 |
| 001 - CONTROL NUMBER | |
| control field | 52293 |
| 082 ## - DEWEY DECIMAL CLASSIFICATION NUMBER | |
| Classification number | 530 SEA |
| 090 ## - LOCALLY ASSIGNED LC-TYPE CALL NUMBER (OCLC); LOCAL CALL NUMBER (RLIN) | |
| -- | 32929 |
| -- | 32929 |
| 100 ## - MAIN ENTRY--PERSONAL NAME | |
| Personal name | Sears, F W |
| 245 ## - TITLE STATEMENT | |
| Title | University Physics 4th Ed |
| 250 ## - EDITION STATEMENT | |
| Edition statement | 4th |
| 260 ## - PUBLICATION, DISTRIBUTION, ETC. | |
| Place of publication, distribution, etc. | London |
| Name of publisher, distributor, etc. | Wesley |
| Date of publication, distribution, etc. | 1973 |
| 500 ## - GENERAL NOTE | |
| General note | BE Textbook H&S Dept |
| 600 ## - SUBJECT ADDED ENTRY--PERSONAL NAME | |
| Personal name | Zemanskh |
| 942 ## - ADDED ENTRY ELEMENTS (KOHA) | |
| Institution code [OBSOLETE] | NUST-CAE |
| Call number prefix | 530 SEA |
| Withdrawn status | Lost status | Damaged status | Not for loan | Collection code | Permanent Location | Current Location | Date acquired | Total Checkouts | Full call number | Barcode | Date last seen | Price effective from | Koha item type |
|---|---|---|---|---|---|---|---|---|---|---|---|---|---|
| College of Aeronautical Engineering (CAE) | College of Aeronautical Engineering (CAE) | 04/03/2017 | 530 SEA | CAE21511 | 04/05/2017 | 04/05/2017 | Book | ||||||
| College of Aeronautical Engineering (CAE) | College of Aeronautical Engineering (CAE) | 04/03/2017 | 530 SEA | CAE30900 | 04/05/2017 | 04/05/2017 | Book | ||||||
| College of Aeronautical Engineering (CAE) | College of Aeronautical Engineering (CAE) | 04/03/2017 | 530 SEA | CAE21519 | 04/05/2017 | 04/05/2017 | Book | ||||||
| College of Aeronautical Engineering (CAE) | College of Aeronautical Engineering (CAE) | 04/03/2017 | 530 SEA | CAE21515 | 04/05/2017 | 04/05/2017 | Book | ||||||
| College of Aeronautical Engineering (CAE) | College of Aeronautical Engineering (CAE) | 04/03/2017 | 530 SEA | CAE21514 | 04/05/2017 | 04/05/2017 | Book | ||||||
| College of Aeronautical Engineering (CAE) | College of Aeronautical Engineering (CAE) | 04/03/2017 | 530 SEA | CAE21513 | 04/05/2017 | 04/05/2017 | Book |
